[Event "11. Europa ch 2010 Femenino"]
[Site "Rijeka CRO"]
[Date "2010.03.15"]
[Round "9.5"]
[White "Khurtsidze, Nino"]
[Black "Cramling, Pia"]
[Result "0-1"]
[WhiteElo "2434"]
[BlackElo "2523"]
[PlyCount "64"]
[EventDate "2010.03.06"]
[EventType "swiss"]
[EventRounds "11"]
[EventCountry "CRO"]
[Source "lmi"]
[SourceDate "2010.03.06"]

1. d4 d5 2. c4 c6 3. e3 Bf5 4. cxd5 cxd5 5. Qb3 Qc7 6. Nc3 e6 7. Nf3 Nc6 8. Bd2
Nf6 9. Ne5 Nd7 10. Nxd7 Qxd7 11. Na4 Bd6 12. Rc1 Rb8 13. Nc5 Qe7 14. Bb5 O-O
15. O-O Rfc8 16. Qa4 e5 17. Nxb7 Qxb7 18. Bxc6 Qxb2 19. dxe5 Qxe5 20. f4 Qe4
21. Qxa7 Rb2 22. Rf2 Qd3 23. Qd4 Qxd4 24. exd4 Rxd2 25. Rxd2 Bxf4 26. Rf2 Bxc1
27. Rxf5 Rxc6 28. Rxd5 Kf8 29. Kf1 Rc2 30. Ra5 Be3 31. d5 Ke7 32. Ra4 Kd6 0-1

[Event "11. Europa ch 2010 Femenino"]
[Site "Rijeka CRO"]
[Date "2010.03.15"]
[Round "9.8"]
[White "Javakhishvili, Lela"]
[Black "Muzychuk, Mariya"]
[Result "1/2-1/2"]
[WhiteElo "2500"]
[BlackElo "2444"]
[PlyCount "175"]
[EventDate "2010.03.06"]
[EventType "swiss"]
[EventRounds "11"]
[EventCountry "CRO"]
[Source "lmi"]
[SourceDate "2010.03.06"]

1. d4 Nf6 2. c4 e6 3. Nf3 c5 4. d5 b5 5. Bf4 exd5 6. cxd5 d6 7. e4 a6 8. Nbd2
Be7 9. a4 b4 10. a5 Nbd7 11. h3 Qc7 12. Qc2 Nf8 13. Nc4 Ng6 14. Bh2 Nd7 15. Rd1
O-O 16. e5 Re8 17. Be2 Ngxe5 18. Bxe5 Nxe5 19. Nfxe5 dxe5 20. d6 Qc6 21. Qd3
Bh4 22. d7 Bxd7 23. Qxd7 Qxg2 24. Rf1 e4 25. Ne3 Qg5 26. Qg4 Qxe3 27. Qxh4 Qb3
28. Rd2 c4 29. Bd1 Qa2 30. Qg5 Rab8 31. Rg1 g6 32. Ke2 Rb5 33. Qf6 Qxa5 34. Qc6
Rbe5 35. Qxc4 e3 36. Rd3 exf2+ 37. Kxf2 Rf5+ 38. Bf3 Qe5 39. Qc2 Qh2+ 40. Rg2
Qxh3 41. Qd2 a5 42. Rg3 Qh2+ 43. Rg2 Qe5 44. Kf1 Qb5 45. Re2 Rxe2 46. Qxe2 Kg7
47. b3 Re5 48. Qd2 h5 49. Kg2 Rg5+ 50. Kh1 Kh7 51. Bg2 Qe5 52. Rd7 Kg7 53. Rd3
Rg4 54. Kg1 Rh4 55. Rf3 Qd4+ 56. Qf2 Qxf2+ 57. Rxf2 Rg4 58. Kh2 Rg5 59. Rc2 Re5
60. Rc7 g5 61. Bf1 Kg6 62. Bc4 f6 63. Bf7+ Kh6 64. Rc6 Rf5 65. Be6 Rf2+ 66. Kg3
Ra2 67. Bd5 g4 68. Kf4 Rf2+ 69. Kg3 Rf1 70. Bg2 Rb1 71. Kf4 Rxb3 72. Rxf6+ Kg7
73. Ra6 Ra3 74. Kg5 Kf7 75. Kxh5 g3 76. Kg4 b3 77. Kh3 Ke7 78. Bd5 b2 79. Re6+
Kd7 80. Rb6 Rd3 81. Be6+ Ke7 82. Bf5 Rd2 83. Kxg3 a4 84. Ra6 Rd4 85. Kf3 Rd1
86. Rxa4 Rf1+ 87. Ke3 Rxf5 88. Rb4 1/2-1/2

[Event "11. Europa ch 2010 Femenino"]
[Site "Rijeka CRO"]
[Date "2010.03.15"]
[Round "9.10"]
[White "Dzagnidze, Nana"]
[Black "Romanko Guseva, Marina"]
[Result "0-1"]
[WhiteElo "2479"]
[BlackElo "2409"]
[PlyCount "80"]
[EventDate "2010.03.06"]
[EventType "swiss"]
[EventRounds "11"]
[EventCountry "CRO"]
[Source "lmi"]
[SourceDate "2010.03.06"]

1. d4 Nf6 2. c4 g6 3. Nc3 Bg7 4. e4 d6 5. Be2 O-O 6. Bg5 Na6 7. f4 c6 8. Nf3
Nc7 9. O-O Ne6 10. Kh1 Ng4 11. Qd2 Nxg5 12. Nxg5 e5 13. dxe5 dxe5 14. Qxd8 Rxd8
15. Bxg4 Bxg4 16. f5 Bh6 17. Nxf7 Kxf7 18. h3 Bh5 19. g4 Bxg4 20. hxg4 Rd2 21.
Rad1 Rad8 22. Rxd2 Rxd2 23. Rd1 Rxb2 24. Rd7+ Kf6 25. Na4 Rb1+ 26. Kg2 Be3 27.
Rxh7 Bd4 28. Rh6 Rb4 29. Rxg6+ Kf7 30. g5 Rxa4 31. Rf6+ Ke7 32. Re6+ Kd7 33. g6
Rxa2+ 34. Kf3 Rf2+ 35. Kg4 Rg2+ 36. Kh5 a5 37. c5 a4 38. Rd6+ Kc7 39. f6 Bxc5
40. Rd1 Bf8 0-1

[Event "11. Europa ch 2010 Femenino"]
[Site "Rijeka CRO"]
[Date "2010.03.15"]
[Round "9.11"]
[White "Melia, Salome"]
[Black "Zawadzka, Jolanta"]
[Result "0-1"]
[WhiteElo "2467"]
[BlackElo "2404"]
[PlyCount "140"]
[EventDate "2010.03.06"]
[EventType "swiss"]
[EventRounds "11"]
[EventCountry "CRO"]
[Source "lmi"]
[SourceDate "2010.03.06"]

1. e4 e5 2. Nf3 Nc6 3. Bb5 a6 4. Ba4 Nf6 5. d3 d6 6. c3 g6 7. Nbd2 Bg7 8. O-O
O-O 9. Re1 Re8 10. d4 b5 11. Bc2 exd4 12. cxd4 Nb4 13. Bb1 c5 14. a3 Nc6 15. d5
Na5 16. h3 c4 17. Bc2 Nb7 18. Nf1 Nc5 19. Ng3 Bd7 20. Bf4 Qb6 21. Qd2 Rad8 22.
Bg5 Bc8 23. Rad1 a5 24. Nd4 Nd3 25. Bxd3 Qxd4 26. Bb1 Qa7 27. Qf4 Qe7 28. Re3
Qe5 29. Qh4 h6 30. Bxh6 Qxb2 31. Re2 Qc3 32. Re3 Qb2 33. Re2 Qc3 34. Bd2 Qb3
35. Rde1 Nh7 36. Bxa5 Bf6 37. Qf4 Qxa3 38. Bxd8 Rxd8 39. Re3 Qc5 40. Rf3 Rd7
41. h4 Ra7 42. Qh6 Bg7 43. Qf4 Be5 44. Qc1 Bg4 45. Rf4 Bd7 46. Rf3 b4 47. Ne2
Ra1 48. Qe3 c3 49. Rc1 Bb5 50. Bd3 Rxc1+ 51. Nxc1 Bxd3 52. Qxd3 Nf6 53. Nb3 Qa7
54. g3 Qa2 55. Qc4 c2 56. Kg2 Bc3 57. Qc8+ Kg7 58. Nc1 Qb1 59. Ne2 Qd1 60. Qc4
Qxe2 61. Qxe2 c1=Q 62. Qc4 Qd2 63. Rd3 Qb2 64. Re3 Bd4 65. Re2 Qc3 66. Qa2 b3
67. Qb1 Ng4 68. f4 b2 69. e5 Qc1 70. Re1 Qd2+ 0-1

[Event "11. Europa ch 2010 Femenino"]
[Site "Rijeka CRO"]
[Date "2010.03.15"]
[Round "9.12"]
[White "Gunina, Valentina"]
[Black "Ziaziulkina, Nastassia"]
[Result "1/2-1/2"]
[WhiteElo "2457"]
[BlackElo "2188"]
[PlyCount "168"]
[EventDate "2010.03.06"]
[EventType "swiss"]
[EventRounds "11"]
[EventCountry "CRO"]
[Source "lmi"]
[SourceDate "2010.03.06"]

1. d4 Nf6 2. Nf3 e6 3. c4 b6 4. g3 Bb7 5. Bg2 Be7 6. O-O O-O 7. Nc3 Ne4 8. Bd2
f5 9. Qc2 Nxc3 10. Bxc3 Be4 11. Qa4 Bf6 12. Rad1 d6 13. c5 Qc8 14. cxd6 cxd6
15. d5 Bxc3 16. bxc3 e5 17. Ng5 Bxg2 18. Kxg2 Na6 19. Qh4 h6 20. Ne6 Rf6 21. f4
Qxc3 22. g4 Rg6 23. g5 Nc5 24. Nxc5 bxc5 25. Qh5 Kh7 26. h4 Rb8 27. Qf3 Qxf3+
28. Kxf3 exf4 29. Rg1 Rb4 30. Rd3 a5 31. a3 Rc4 32. Rd2 Re4 33. Rd3 c4 34. Rdd1
c3 35. Rc1 Rc4 36. Rc2 Rc5 37. Rg2 Rxd5 38. Rxc3 hxg5 39. hxg5 Re6 40. Kxf4
Re4+ 41. Kf3 Kg6 42. e3 Rh4 43. Rg3 Rd2 44. Rc1 Rhh2 45. Rf1 Ra2 46. a4 Rhd2
47. Rgg1 Rxa4 48. Rd1 Raa2 49. Kf4 Ra4+ 50. Kf3 Rxd1 51. Rxd1 Kxg5 52. Rxd6 Ra3
53. Rd1 g6 54. Rc1 a4 55. Rd1 Ra2 56. Rg1+ Kf6 57. Rc1 a3 58. e4 Rb2 59. Rc6+
Kg5 60. exf5 gxf5 61. Ra6 Ra2 62. Ra8 Ra1 63. Rg8+ Kf6 64. Rf8+ Ke6 65. Re8+
Kf7 66. Re2 Kf6 67. Rc2 Rb1 68. Rc6+ Kg5 69. Ra6 Ra1 70. Kg2 a2 71. Ra4 f4 72.
Ra5+ Kg4 73. Ra4 Kf5 74. Kf2 Rh1 75. Rxa2 Rh2+ 76. Kf3 Rh3+ 77. Kg2 Kg4 78. Ra8
Rb3 79. Rg8+ Kf5 80. Rf8+ Ke4 81. Re8+ Kd4 82. Kf2 Re3 83. Rd8+ Ke4 84. Re8+
Kd4 1/2-1/2

[Event "11. Europa ch 2010 Femenino"]
[Site "Rijeka CRO"]
[Date "2010.03.15"]
[Round "9.13"]
[White "Sedina, Elena"]
[Black "Gaponenko, Inna"]
[Result "1-0"]
[WhiteElo "2334"]
[BlackElo "2472"]
[PlyCount "89"]
[EventDate "2010.03.06"]
[EventType "swiss"]
[EventRounds "11"]
[EventCountry "CRO"]
[Source "lmi"]
[SourceDate "2010.03.06"]

1. e4 c5 2. Nf3 g6 3. d4 Bg7 4. c3 cxd4 5. cxd4 d5 6. exd5 Nf6 7. Bc4 O-O 8.
Nc3 Nbd7 9. O-O Nb6 10. Bb3 Nbxd5 11. Re1 b6 12. Ne5 Bb7 13. Qf3 Rc8 14. Qh3 a6
15. Bg5 Rc7 16. Rad1 Nxc3 17. bxc3 Qc8 18. Qxc8 Bxc8 19. d5 Bb7 20. c4 b5 21.
c5 Bxd5 22. Bxd5 Nxd5 23. Rxd5 e6 24. Rd6 f6 25. Nxg6 hxg6 26. Be3 Kf7 27. Rxa6
Rfc8 28. Rb1 Bf8 29. Rxb5 e5 30. g3 g5 31. g4 Be7 32. Kg2 Rh8 33. a4 Rh4 34. h3
Rh8 35. a5 Rhc8 36. Kf3 Rh8 37. Kg2 Rhc8 38. Rbb6 Rh8 39. Rc6 Rhc8 40. Rxc7
Rxc7 41. c6 Ke6 42. Rb6 Bd6 43. a6 Kd5 44. Rb8 Bc5 45. Rb5 1-0

[Event "11. Europa ch 2010 Femenino"]
[Site "Rijeka CRO"]
[Date "2010.03.15"]
[Round "9.14"]
[White "Rajlich, Iweta"]
[Black "Schneider, Veronika"]
[Result "1-0"]
[WhiteElo "2459"]
[BlackElo "2314"]
[PlyCount "81"]
[EventDate "2010.03.06"]
[EventType "swiss"]
[EventRounds "11"]
[EventCountry "CRO"]
[Source "lmi"]
[SourceDate "2010.03.06"]

1. d4 Nf6 2. c4 g6 3. g3 c6 4. Bg2 d5 5. Nf3 Bg7 6. Qb3 a5 7. cxd5 a4 8. Qd1
cxd5 9. Nc3 Ne4 10. O-O Nxc3 11. bxc3 O-O 12. Ba3 Nc6 13. Rc1 Na5 14. Nd2 Be6
15. Bb4 Qd7 16. e4 dxe4 17. Nxe4 b6 18. Rc2 Bd5 19. Re1 Rfd8 20. Qc1 Nc6 21.
Ba3 f5 22. Ng5 Bxg2 23. Kxg2 e5 24. Bb2 Qd5+ 25. Kg1 h6 26. c4 Qd7 27. d5 Nb4
28. Ne6 Nd3 29. Qe3 Nxe1 30. Qxe1 Re8 31. Nxg7 Qxg7 32. Qe3 Rab8 33. d6 Rb7 34.
Rd2 Kh7 35. f4 Qf7 36. fxe5 Re6 37. Rd5 Qe8 38. Bc1 g5 39. Qd3 Rf7 40. d7 Qd8
41. g4 1-0

[Event "11. Europa ch 2010 Femenino"]
[Site "Rijeka CRO"]
[Date "2010.03.15"]
[Round "9.15"]
[White "Gvetadze, Sopio"]
[Black "Skripchenko, Almira"]
[Result "0-1"]
[WhiteElo "2342"]
[BlackElo "2456"]
[PlyCount "100"]
[EventDate "2010.03.06"]
[EventType "swiss"]
[EventRounds "11"]
[EventCountry "CRO"]
[Source "lmi"]
[SourceDate "2010.03.06"]

1. e4 e5 2. Nf3 Nc6 3. Bc4 Nf6 4. d3 Bc5 5. Nbd2 a6 6. Nf1 d6 7. c3 h6 8. Bb3
Ba7 9. Ng3 O-O 10. O-O Be6 11. Be3 Re8 12. Qd2 Bxb3 13. axb3 Ng4 14. Bxa7 Rxa7
15. c4 a5 16. d4 exd4 17. Nxd4 Nxd4 18. Qxd4 Ra8 19. h3 Ne5 20. Qc3 Qf6 21. Nh5
Qg5 22. g4 Nd7 23. f4 Qc5+ 24. Kh2 f6 25. Rae1 Qb4 26. Qd3 Nc5 27. Qd5+ Re6 28.
g5 hxg5 29. Rg1 Qxb3 30. Qf5 Qxb2+ 31. Rg2 Qd4 32. Qg6 Re7 33. e5 dxe5 34.
Nxf6+ Kf8 35. Nh7+ Kg8 36. Nf6+ Kf8 37. Nh7+ Kg8 38. Qxg5 Rf7 39. Nf6+ Kf8 40.
fxe5 Ne6 41. Qh5 Rd8 42. Re4 Qd3 43. Nh7+ Ke8 44. Rf2 Rdd7 45. Rg2 Qxe4 46.
Nf6+ gxf6 47. Rg8+ Nf8 48. Rxf8+ Kxf8 49. Qh8+ Ke7 50. exf6+ Kd6 0-1

[Event "11. Europa ch 2010 Femenino"]
[Site "Rijeka CRO"]
[Date "2010.03.15"]
[Round "9.17"]
[White "Kovalevskaya, Ekaterina"]
[Black "Purtseladze, Maka"]
[Result "1-0"]
[WhiteElo "2438"]
[BlackElo "2299"]
[PlyCount "69"]
[EventDate "2010.03.06"]
[EventType "swiss"]
[EventRounds "11"]
[EventCountry "CRO"]
[Source "lmi"]
[SourceDate "2010.03.06"]

1. Nf3 Nf6 2. c4 e6 3. Nc3 Bb4 4. Qc2 O-O 5. e4 Bxc3 6. bxc3 e5 7. g3 d6 8. Bg2
c5 9. O-O Nc6 10. d3 Nh5 11. Rb1 Rb8 12. h3 f6 13. Nh4 g5 14. Nf5 Ne7 15. Qe2
Nxf5 16. exf5 Ng7 17. g4 b6 18. Bd5+ Kh8 19. h4 Bb7 20. hxg5 Bxd5 21. cxd5 fxg5
22. Kg2 Ne8 23. Rh1 Kg7 24. d4 h6 25. dxe5 dxe5 26. c4 Nf6 27. Bb2 b5 28. Bxe5
Rb6 29. d6 bxc4 30. Qxc4 Qd7 31. Rxb6 axb6 32. f3 Qc6 33. Re1 b5 34. Qe6 c4 35.
Qe7+ 1-0

[Event "11. Europa ch 2010 Femenino"]
[Site "Rijeka CRO"]
[Date "2010.03.15"]
[Round "9.19"]
[White "Manakova, Maria"]
[Black "Peng, Zhaoqin"]
[Result "1/2-1/2"]
[WhiteElo "2315"]
[BlackElo "2401"]
[PlyCount "63"]
[EventDate "2010.03.06"]
[EventType "swiss"]
[EventRounds "11"]
[EventCountry "CRO"]
[Source "lmi"]
[SourceDate "2010.03.06"]

1. e4 c5 2. f4 d5 3. exd5 Nf6 4. Bb5+ Bd7 5. Bxd7+ Qxd7 6. c4 e6 7. dxe6 fxe6
8. Nf3 Nc6 9. Ne5 Qc7 10. Nxc6 Qxc6 11. O-O Bd6 12. Qf3 Qd7 13. Nc3 O-O 14. d3
g6 15. Ne4 Nh5 16. Kh1 Rac8 17. Nxd6 Qxd6 18. Bd2 b6 19. Qe4 Rcd8 20. Rae1 Nf6
21. Qe2 Qxd3 22. Qxe6+ Rf7 23. Bc3 Re8 24. Qc6 Rxe1 25. Rxe1 Re7 26. Ra1 Ne4
27. Qc8+ Kf7 28. Qh8 Nf2+ 29. Kg1 Nh3+ 30. Kh1 Nf2+ 31. Kg1 Nh3+ 32. Kh1
1/2-1/2

[Event "11. Europa ch 2010 Femenino"]
[Site "Rijeka CRO"]
[Date "2010.03.15"]
[Round "9.20"]
[White "Borosova, Zuzana"]
[Black "Savina, Anastasia"]
[Result "0-1"]
[WhiteElo "2307"]
[BlackElo "2391"]
[PlyCount "102"]
[EventDate "2010.03.06"]
[EventType "swiss"]
[EventRounds "11"]
[EventCountry "CRO"]
[Source "lmi"]
[SourceDate "2010.03.06"]

1. e4 c5 2. Nf3 Nc6 3. d4 cxd4 4. Nxd4 Nf6 5. Nc3 d6 6. h3 e5 7. Nf3 h6 8. Bc4
Be7 9. a3 O-O 10. O-O Be6 11. Ba2 Rc8 12. Re1 Na5 13. Nh2 Nc4 14. Nf1 Qb6 15.
b3 Nxa3 16. Na4 Qa5 17. Bxa3 b5 18. Bxd6 Bxd6 19. Qxd6 bxa4 20. b4 Qb6 21. Qxb6
axb6 22. Bxe6 fxe6 23. Rxa4 Rxc2 24. f3 Rb2 25. Rc1 Rd8 26. Ra7 Kh8 27. Ne3
Rdd2 28. Rcc7 Nh5 29. Kh2 Re2 30. Ra3 Nf4 31. Rac3 Nxg2 32. Nxg2 Rxg2+ 33. Kh1
Rgd2 34. Rc1 Rh2+ 35. Kg1 Rxh3 36. R7c6 Rg3+ 37. Kh1 Rxb4 38. Rxe6 Rxf3 39.
Rxe5 Re3 40. Re8+ Kh7 41. e5 Rbe4 42. Re6 b5 43. Rc5 b4 44. Kg2 b3 45. Rb5 Ra4
46. Rd6 Ra2+ 47. Kf1 Rf3+ 48. Kg1 Rc3 49. Rd1 b2 50. Kf1 Rc1 51. Ke1 Raa1 0-1

[Event "11. Europa ch 2010 Femenino"]
[Site "Rijeka CRO"]
[Date "2010.03.15"]
[Round "9.21"]
[White "Berend, Elvira"]
[Black "Kovanova, Baira"]
[Result "0-1"]
[WhiteElo "2299"]
[BlackElo "2385"]
[PlyCount "68"]
[EventDate "2010.03.06"]
[EventType "swiss"]
[EventRounds "11"]
[EventCountry "CRO"]
[Source "lmi"]
[SourceDate "2010.03.06"]

1. e4 e5 2. Nf3 Nc6 3. Bb5 a6 4. Ba4 Nf6 5. O-O Be7 6. Re1 b5 7. Bb3 d6 8. c3
O-O 9. h3 Na5 10. Bc2 c5 11. d4 Nd7 12. Nbd2 exd4 13. cxd4 Nc6 14. d5 Nce5 15.
Nxe5 Nxe5 16. a4 Rb8 17. axb5 axb5 18. f4 Ng6 19. Nf3 f5 20. e5 Bh4 21. Nxh4
Qxh4 22. Be3 Bb7 23. Qd2 dxe5 24. Bxc5 Rfd8 25. fxe5 Bxd5 26. Bd6 Nf4 27. Re3
Bxg2 28. Qe1 Qh6 29. Bxb8 Bb7 30. Bb3+ Kh8 31. Bd6 Ng2 32. Qf2 Nxe3 33. Ra7 Be4
34. Rc7 Qxh3 0-1

[Event "11. Europa ch 2010 Femenino"]
[Site "Rijeka CRO"]
[Date "2010.03.15"]
[Round "9.22"]
[White "Bodnaruk, Anastasia"]
[Black "Dolzhikova, Kateryna"]
[Result "1-0"]
[WhiteElo "2384"]
[BlackElo "2290"]
[PlyCount "63"]
[EventDate "2010.03.06"]
[EventType "swiss"]
[EventRounds "11"]
[EventCountry "CRO"]
[Source "lmi"]
[SourceDate "2010.03.06"]

1. e4 c5 2. Nf3 d6 3. d4 cxd4 4. Nxd4 Nf6 5. Nc3 g6 6. Be3 Bg7 7. f3 Nc6 8. Qd2
O-O 9. Bc4 Bd7 10. h4 h5 11. O-O-O Rc8 12. Bb3 Ne5 13. Bg5 Rc5 14. Kb1 b5 15.
g4 hxg4 16. h5 Nxh5 17. Nd5 Re8 18. Rxh5 gxh5 19. Qh2 Nc4 20. Qxh5 Rxd5 21.
exd5 Bxd4 22. Rxd4 Qb6 23. c3 Bf5+ 24. Bc2 Bxc2+ 25. Kxc2 Ne5 26. Be3 Ng6 27.
Re4 Qa6 28. Rxg4 e5 29. Rxg6+ fxg6 30. Qxg6+ Kf8 31. Bh6+ Ke7 32. Qe6+ 1-0

[Event "11. Europa ch 2010 Femenino"]
[Site "Rijeka CRO"]
[Date "2010.03.15"]
[Round "9.24"]
[White "Vasilevich, Tatjana"]
[Black "Schut, Lisa"]
[Result "1-0"]
[WhiteElo "2414"]
[BlackElo "2224"]
[PlyCount "65"]
[EventDate "2010.03.06"]
[EventType "swiss"]
[EventRounds "11"]
[EventCountry "CRO"]
[Source "lmi"]
[SourceDate "2010.03.06"]

1. d4 Nf6 2. c4 e5 3. dxe5 Ng4 4. e3 Nxe5 5. Nh3 g6 6. Nf4 Bg7 7. Be2 O-O 8.
O-O d6 9. Nc3 Na6 10. Qc2 Nb4 11. Qd2 a5 12. b3 b6 13. Bb2 Bb7 14. a3 Na6 15.
Nfd5 Re8 16. Rad1 f5 17. e4 fxe4 18. Nxe4 Nc5 19. Nxc5 bxc5 20. f4 Bxd5 21.
cxd5 Nf7 22. Bg4 Rb8 23. Rf3 Re4 24. Bxg7 Kxg7 25. Qxa5 Ra8 26. Qc3+ Qf6 27.
Qc1 Rd4 28. Rff1 Rb8 29. Rf3 Ra8 30. Rdd3 Rxd3 31. Rxd3 Qh4 32. Be6 Rxa3 33. g3
1-0

[Event "11. Europa ch 2010 Femenino"]
[Site "Rijeka CRO"]
[Date "2010.03.15"]
[Round "9.25"]
[White "Kostiuk, Tatiana"]
[Black "Paehtz, Elisabeth"]
[Result "0-1"]
[WhiteElo "2294"]
[BlackElo "2486"]
[PlyCount "54"]
[EventDate "2010.03.06"]
[EventType "swiss"]
[EventRounds "11"]
[EventCountry "CRO"]
[Source "lmi"]
[SourceDate "2010.03.06"]

1. d4 d5 2. c4 c6 3. Nf3 Nf6 4. e3 Bg4 5. h3 Bxf3 6. Qxf3 e6 7. Nc3 Nbd7 8. Bd3
Bb4 9. O-O O-O 10. Bd2 Re8 11. Qd1 Ba5 12. a3 Bc7 13. Rc1 a6 14. Qc2 Rc8 15.
Rfd1 Bb8 16. e4 dxc4 17. Bxc4 c5 18. dxc5 Qc7 19. g3 Qxc5 20. Ne2 Qh5 21. Nf4
Bxf4 22. Bxf4 Nb6 23. b3 Nxc4 24. bxc4 e5 25. Be3 Qxh3 26. f3 Qxg3+ 27. Qg2
Nxe4 0-1

[Event "11. Europa ch 2010 Femenino"]
[Site "Rijeka CRO"]
[Date "2010.03.15"]
[Round "9.27"]
[White "Molchanova, Tatjana"]
[Black "Papp, Petra"]
[Result "1-0"]
[WhiteElo "2369"]
[BlackElo "2263"]
[PlyCount "77"]
[EventDate "2010.03.06"]
[EventType "swiss"]
[EventRounds "11"]
[EventCountry "CRO"]
[Source "lmi"]
[SourceDate "2010.03.06"]

1. d4 d5 2. Nf3 Nf6 3. c4 c6 4. e3 e6 5. b3 Bb4+ 6. Nbd2 c5 7. Bb2 cxd4 8. exd4
b6 9. Bd3 Bb7 10. O-O Nbd7 11. Qe2 O-O 12. a3 Bd6 13. Ne5 Rc8 14. f4 Qe7 15. f5
exf5 16. Bxf5 g6 17. Bh3 Rce8 18. Rae1 Nxe5 19. dxe5 Nh5 20. b4 Bb8 21. Bg4 Ng7
22. Bf3 dxc4 23. Bxb7 Qxb7 24. Ne4 Kh8 25. Nf6 Re6 26. Qe3 Qc8 27. Qh6 Rxf6 28.
Rxf6 c3 29. Bc1 c2 30. Bb2 Ne6 31. Ref1 Kg8 32. R6f3 Qd7 33. Rh3 f6 34. exf6 a5
35. f7+ Rxf7 36. Qxg6+ Rg7 37. Qxc2 Rg5 38. Rxh7 Nd4 39. Rxd7 1-0

[Event "11. Europa ch 2010 Femenino"]
[Site "Rijeka CRO"]
[Date "2010.03.15"]
[Round "9.28"]
[White "Mamedjarova, Zeinab"]
[Black "Majdan, Joanna"]
[Result "1/2-1/2"]
[WhiteElo "2289"]
[BlackElo "2364"]
[PlyCount "83"]
[EventDate "2010.03.06"]
[EventType "swiss"]
[EventRounds "11"]
[EventCountry "CRO"]
[Source "lmi"]
[SourceDate "2010.03.06"]

1. d4 d6 2. Nf3 g6 3. g3 Bg7 4. Bg2 Nf6 5. O-O O-O 6. b3 c5 7. Bb2 Nc6 8. dxc5
dxc5 9. Ne5 Qxd1 10. Rxd1 Nd4 11. Rd2 Ng4 12. Nd3 Rd8 13. h3 Nh6 14. Nc3 Rb8
15. Rad1 b6 16. Nf4 Bf5 17. Ncd5 Bxc2 18. Rc1 Bxb3 19. Bxd4 cxd4 20. Nxe7+ Kf8
21. Nc6 Rbc8 22. Rcd1 Rd6 23. Nxd4 Bxd4 24. Rxd4 Rxd4 25. Rxd4 Rc1+ 26. Kh2 g5
27. Nd3 Rc2 28. e4 Be6 29. Ra4 a5 30. f4 g4 31. f5 gxh3 32. Ne1 Re2 33. fxe6
hxg2 34. Nxg2 fxe6 35. Rc4 Ng4+ 36. Kh3 Nf2+ 37. Kh2 Nxe4 38. Rc6 Ng5 39. a4
Nf3+ 40. Kh3 Ng5+ 41. Kh2 Nf3+ 42. Kh3 1/2-1/2

[Event "11. Europa ch 2010 Femenino"]
[Site "Rijeka CRO"]
[Date "2010.03.15"]
[Round "9.29"]
[White "Worek, Joanna"]
[Black "Cosma, Elena Luminita"]
[Result "1/2-1/2"]
[WhiteElo "2245"]
[BlackElo "2346"]
[PlyCount "130"]
[EventDate "2010.03.06"]
[EventType "swiss"]
[EventRounds "11"]
[EventCountry "CRO"]
[Source "lmi"]
[SourceDate "2010.03.06"]

1. e4 e6 2. d4 d5 3. Nd2 Nf6 4. e5 Nfd7 5. Ngf3 c5 6. c3 Nc6 7. Bd3 Be7 8. O-O
h6 9. Re1 b6 10. a3 a5 11. c4 O-O 12. cxd5 exd5 13. Rb1 Re8 14. Nf1 Nf8 15. Ne3
cxd4 16. Nf5 Bxf5 17. Bxf5 Bc5 18. Bf4 Ne6 19. Bd2 Bf8 20. Rc1 Nc5 21. b4 axb4
22. axb4 Ne7 23. Bb1 Ne4 24. Nxd4 Ng6 25. Nc6 Qd7 26. f3 Nxd2 27. Qxd2 Rac8 28.
b5 Bc5+ 29. Kh1 Ne7 30. Qd3 Nxc6 31. Qh7+ Kf8 32. Bf5 Re6 33. bxc6 Rcxc6 34.
Qh8+ Ke7 35. Qxg7 d4 36. Bxe6 Rxe6 37. Qg4 Qd5 38. Qh4+ Kd7 39. f4 Kc6 40. f5
Re8 41. Qxh6+ Kb7 42. Qf4 Rg8 43. Rc2 Bb4 44. Rd1 Bc3 45. e6 fxe6 46. fxe6 Qxe6
47. Qf3+ Ka6 48. Rxc3 dxc3 49. Ra1+ Kb5 50. Qxc3 Rg4 51. Rb1+ Ka6 52. h3 Rc4
53. Qa3+ Kb7 54. Qf3+ Qc6 55. Qxc6+ Kxc6 56. g4 b5 57. g5 b4 58. g6 Kd6 59. g7
Rc8 60. h4 Ke7 61. Rxb4 Kf7 62. Kg2 Kxg7 63. Kg3 Kh6 64. Rb6+ Kh5 65. Rb3 Kh6
1/2-1/2

[Event "11. Europa ch 2010 Femenino"]
[Site "Rijeka CRO"]
[Date "2010.03.15"]
[Round "9.31"]
[White "Przezdziecka, Marta"]
[Black "Nebolsina, Vera"]
[Result "0-1"]
[WhiteElo "2254"]
[BlackElo "2310"]
[PlyCount "74"]
[EventDate "2010.03.06"]
[EventType "swiss"]
[EventRounds "11"]
[EventCountry "CRO"]
[Source "lmi"]
[SourceDate "2010.03.06"]

1. d4 Nf6 2. Nf3 g6 3. c4 Bg7 4. Nc3 d5 5. cxd5 Nxd5 6. e4 Nxc3 7. bxc3 c5 8.
Rb1 O-O 9. Be2 Nc6 10. d5 Ne5 11. Nxe5 Bxe5 12. Qd2 e6 13. f4 Bc7 14. O-O exd5
15. exd5 Ba5 16. d6 Rb8 17. Ba3 Bf5 18. Rbd1 b6 19. Rfe1 Qf6 20. Bb2 b5 21. Bf3
c4 22. Re5 Bd3 23. Ba3 Rfd8 24. Rde1 Rxd6 25. Bxd6 Qxd6 26. Qb2 Qf6 27. g3 Kg7
28. Kg2 a6 29. Qa3 Bc7 30. Re8 b4 31. cxb4 Rb5 32. Rc8 Bb6 33. Ree8 Qd4 34.
Rg8+ Kh6 35. Rc5 Bxc5 36. bxc5 Rb2+ 37. Kh3 Bf1+ 0-1

[Event "11. Europa ch 2010 Femenino"]
[Site "Rijeka CRO"]
[Date "2010.03.15"]
[Round "9.32"]
[White "Makropoulou, Marina"]
[Black "Mkrtchian, Lilit"]
[Result "0-1"]
[WhiteElo "2225"]
[BlackElo "2503"]
[PlyCount "67"]
[EventDate "2010.03.06"]
[EventType "swiss"]
[EventRounds "11"]
[EventCountry "CRO"]
[Source "lmi"]
[SourceDate "2010.03.06"]

1. e4 e6 2. Nf3 d5 3. Nc3 Nf6 4. e5 Nfd7 5. d4 c5 6. dxc5 Nc6 7. Bf4 a6 8. Qd2
Nxc5 9. O-O-O Bd7 10. h4 Rc8 11. Qe3 Qa5 12. Nd4 Nxd4 13. Qxd4 Na4 14. Nxa4
Bxa4 15. b3 Bd7 16. Kb1 Bc5 17. Qd2 Bb4 18. Qc1 Bc3 19. Bd2 d4 20. f4 Bc6 21.
Rh3 O-O 22. Rg3 Rfd8 23. Bd3 Qc5 24. h5 h6 25. Re1 Bb5 26. f5 Bxd3 27. Rxd3
exf5 28. Rf3 Qc6 29. Ref1 Qe4 30. Rxf5 d3 31. Bxc3 Rxc3 32. Qf4 Qe2 33. cxd3
Qxd3+ 34. Ka1 0-1

[Event "11. Europa ch 2010 Femenino"]
[Site "Rijeka CRO"]
[Date "2010.03.15"]
[Round "9.33"]
[White "Tarasova, Viktoriya"]
[Black "Foisor, Cristina Adela B"]
[Result "1-0"]
[WhiteElo "2261"]
[BlackElo "2433"]
[PlyCount "101"]
[EventDate "2010.03.06"]
[EventType "swiss"]
[EventRounds "11"]
[EventCountry "CRO"]
[Source "lmi"]
[SourceDate "2010.03.06"]

1. d4 g6 2. c4 Bg7 3. e4 c5 4. d5 d6 5. Nc3 a6 6. a4 e6 7. Nf3 Ne7 8. Be2 O-O
9. O-O exd5 10. cxd5 Bg4 11. Be3 Bxf3 12. Bxf3 Nd7 13. Qd2 f5 14. Be2 Ne5 15.
h3 Qa5 16. Bg5 Rae8 17. f4 Rf7 18. Bxe7 Rfxe7 19. exf5 gxf5 20. Bd3 Rd8 21. Kh1
Qb4 22. a5 Qd4 23. Qc2 Nf7 24. Na4 Kh8 25. Qc4 Qf6 26. Rae1 Ree8 27. b3 Rxe1
28. Rxe1 Qh4 29. Rf1 Qg3 30. Qc2 Re8 31. Bxf5 Bd4 32. Be4 Rf8 33. Bf5 Re8 34.
Qd1 Re7 35. Nb6 Re8 36. Qd3 Qxd3 37. Bxd3 Bc3 38. Nc4 Re7 39. Kh2 Nd8 40. g4
Kg7 41. g5 h6 42. h4 hxg5 43. hxg5 Re8 44. Kg3 Rh8 45. Bf5 Rf8 46. Rf3 Bb4 47.
Kg4 Re8 48. Rh3 Rh8 49. Rxh8 Kxh8 50. Bc8 Kg7 51. f5 1-0